000 00698nam a22002057a 4500
999 _c172747
_d172747
005 20200212123604.0
010 _aENG-127706
020 _c1295.00
_a9789353289805
035 _aEN-111238
037 _bDBAD/PUB
082 _a320.954
245 _aIndian Democracy:
_cedited by Arvind Sivaramakrishnan [and] Sudarshan Padmanabhan
_bContradictions and Reconciliations/
260 _aNew Delhi
_c2020
_bSage
270 _aB1/1-1 Mohan Cooperative Industrial Area Mathura Road
_e110044
_bNew Delhi
300 _axiii;327p.
_b22cm(hb)
500 _aincludes index
700 _aSivaramakrishnan,Arvind
700 _aPadmanabhan,Sudarshan
942 _2ddc
_cEN
_h320.954
_mIND